[Event "V Festival A"]
[Site "Robecchetto con Induno ITA"]
[Date "1993.12.??"]
[Round "8"]
[White "Giordani, Marco"]
[Black "Bracaglia, Carlo"]
[WhiteElo "1947"]
[BlackElo "1902"]
[Result "1/2-1/2"]
[PlyCount "25"]
[EventDate "1993.12.26"]

1. e4 c5 2. Nf3 Nc6 3. Nc3 g6 4. d4 cxd4 5. Nxd4 Bg7 6. Be3 Nf6 7. f3 O-O 8.
Qd2 d5 9. O-O-O dxe4 10. fxe4 Nxd4 11. Bxd4 Be6 12. Be2 Qa5 13. a3 1/2-1/2

[Event "V Festival A"]
[Site "Robecchetto con Induno ITA"]
[Date "1993.12.??"]
[Round "8"]
[White "Nurkic, Sahbaz"]
[Black "Cazzaniga, Walter"]
[WhiteElo "2395"]
[BlackElo "2013"]
[Result "0-1"]
[PlyCount "62"]
[EventDate "1993.12.26"]

1. e4 Nf6 2. e5 Nd5 3. c4 Nb6 4. c5 Nd5 5. Bc4 e6 6. Qg4 d6 7. d4 dxe5 8. dxe5
Nc6 9. Nf3 Qe7 10. O-O Bd7 11. Bg5 h5 12. Qh4 f6 13. exf6 gxf6 14. Bc1 O-O-O
15. Bxd5 exd5 16. Re1 Qg7 17. Be3 Qg4 18. Qxg4 hxg4 19. Nd4 Ne5 20. Nc3 Bh6 21.
Nb3 c6 22. Rad1 Rdg8 23. Nd4 Rh7 24. Rd2 Rgh8 25. Bxh6 Rxh6 26. h3 Rh4 27. Kh1
gxh3 28. g3 R4h7 29. Nce2 h2 30. Nf4 Bg4 31. Rc1 Nf3 0-1

[Event "V Festival A"]
[Site "Robecchetto con Induno ITA"]
[Date "1993.12.??"]
[Round "8"]
[White "Rossi, Giampiero"]
[Black "Temi, Walter"]
[WhiteElo "2205"]
[BlackElo "1993"]
[Result "1/2-1/2"]
[PlyCount "108"]
[EventDate "1993.12.26"]

1. d4 Nf6 2. c4 g6 3. g3 c6 4. Bg2 d5 5. cxd5 cxd5 6. Nc3 Bg7 7. Nf3 O-O 8. O-O
e6 9. b3 Qa5 10. Bb2 Nc6 11. Qd2 Rd8 12. Rfd1 Bd7 13. e3 Be8 14. Ne1 Rac8 15.
Nd3 Bf8 16. Na4 Qxd2 17. Rxd2 Ne4 18. Bxe4 dxe4 19. Ndc5 b5 20. Nb7 bxa4 21.
Nxd8 Rxd8 22. Rc2 a3 23. Bc3 Ne7 24. Rac1 Rc8 25. Bb4 Rxc2 26. Rxc2 Nc6 27.
Bxf8 Kxf8 28. Rc4 Ke7 29. Ra4 Kd6 30. Rxa3 a5 31. Ra4 Bd7 32. Rc4 Bc8 33. a3
Ba6 34. Rc3 g5 35. g4 Be2 36. h3 h5 37. gxh5 Bxh5 38. Kg2 Bf3+ 39. Kg3 f5 40.
h4 gxh4+ 41. Kxh4 e5 42. dxe5+ Nxe5 43. Kg5 Bg4 44. Kf4 Nd3+ 45. Kg3 Bd1 46. f3
Nc5 47. b4 axb4 48. axb4 Na4 49. Rc1 Bxf3 50. b5 Be2 51. Kf4 Bxb5 52. Kxf5 Bd3
53. Rg1 Nb6 54. Rg3 Kc5 1/2-1/2